| 000 | 00687nam a22001937a 4500 | ||
|---|---|---|---|
| 999 |
_c177678 _d177678 |
||
| 005 | 20210225124612.0 | ||
| 010 | _aENG-129058 | ||
| 020 |
_c399.00 _a978-1-4746-1004-9 |
||
| 035 | _aEN-112590 | ||
| 037 | _bDBAD/PUB | ||
| 082 | _a305.9069140922 | ||
| 100 | _aYousafzai, Malala | ||
| 245 |
_aWe are Displaced: my journey and stories from refugee girls around the world/ _cMalala Yousafzai with Liz Welch |
||
| 260 |
_aGurugram _bHachette Book Publishing India Pvt. Ltd. _c2018 |
||
| 270 |
_bGurugram _a4th/5th Floors, Corporate Centre, Plot No- 94, Sec- 44 _e122003 |
||
| 300 |
_a212p. _c22cm(pbk) |
||
| 700 | _aWelch, Liz | ||
| 942 |
_2ddc _cEN _h305.9069140922 _mYOU |
||